书目信息 |
| 题名: |
数学实验
|
|
| 作者: | 萧树铁 主编 | |
| 分册: | ||
| 出版信息: | 北京 高等教育出版社 1999 |
|
| 页数: | 379页 | |
| 开本: | 24cm | |
| 丛书名: | ||
| 单 册: | ||
| 中图分类: | O13-33 | |
| 科图分类: | ||
| 主题词: | 高等数学--科学实验 | |
| 电子资源: | ||
| ISBN: | 7-04-006982-2 | |
| 000 | 00557nam0 2200205 45 | |
| 001 | 0205141593 | |
| 005 | 20041201104018.3 | |
| 010 | @a7-04-006982-2@dCNY25.90 | |
| 100 | @a20020514d1999 km y0chiy0120 ea | |
| 101 | 0 | @achi |
| 105 | @a z 000yy | |
| 200 | 1 | @a数学实验@AShu Xue Shi Yan@f萧树铁主编@FXiao Shu Tie Zhu Bian |
| 210 | @a北京@c高等教育出版社@d1999 | |
| 215 | @a379页@d24cm | |
| 300 | @a面向21世纪课程教材 | |
| 606 | 0 | @a高等数学@x科学实验 |
| 690 | @aO13-33@v4 | |
| 701 | @a萧树铁@4主编 | |
| 801 | @aCN@bTSTC@c20020514 | |
| 905 | @dO13-33@e153 | |
| 数学实验/萧树铁主编.-北京:高等教育出版社,1999 |
| 379页;24cm |
| 面向21世纪课程教材 |
| ISBN 7-04-006982-2:CNY25.90 |
| ● |
| 相关链接 |
|
|
|
|
正题名:数学实验
索取号:O13-33/153
 
预约/预借
| 序号 | 登录号 | 条形码 | 馆藏地/架位号 | 状态 | 备注 |
| 1 | 0310166 | 203101669 | 第三借阅区/ [索取号:O13-33/153] | 在馆 | |
| 2 | 0310167 | 203101678 | 第三借阅区/ [索取号:O13-33/153] | 在馆 | |
| 3 | 0310168 | 203101687 | 第二样本阅览室/ [索取号:O13-33/153] | 在馆 |